| 000 | 00842nam a2200229 a 4500 | ||
|---|---|---|---|
| 005 | 20191224041635.0 | ||
| 008 | 140305s1995 pn a gr|||| 000 0 spa d | ||
| 040 |
_aCO-BoIAVH _cCO-BoIAVH |
||
| 041 | 0 | _aspa | |
| 044 | _apn | ||
| 082 |
_a597.96165 _bJ37s |
||
| 100 | 1 | _aJaramillo, Cesar | |
| 245 | 1 | 0 |
_aSerpientes venenosas de la isla Barro Colorado y áreas aledañas / _cInstituto Smithsonian de Investigaciones Tropicales |
| 260 |
_aPanamá : _bInstituto Smithsonian de Investigaciones Tropicales, _c1995. |
||
| 300 |
_a6 páginas : _bIlustraciones ; _c23 x 22 cm. |
||
| 650 | 6 | _aSerpientes | |
| 650 | 6 | _aSerpientes venenosas | |
| 662 |
_aPanamá _cIsla Barro Colorado |
||
| 700 | 1 | _aRand, A. Stanley | |
| 710 | 2 |
_aPanamá _bInstituto Smithsonian de Investigaciones Tropicales |
|
| 942 |
_cLIBRO _2ddc |
||
| 999 |
_c2410 _d2410 |
||